banner koha

Cartilha lei dos crimes ambientais (Registro n. 10035)

MARC details
000 -LÍDER
Campo de controle fixo 00845nam a22002897a 4500
001 - NÚMERO DE CONTROLE
Número de controle BR2023001087
003 - CÓDIGO MARC DA AGÊNCIA CATALOGADORA
Campo de controle BR-BrBNA
005 - DATA E HORA DA ÚLTIMA ATUALIZAÇÃO
Campo de controle 20230923140801.0
008 - CAMPO DE TAMANHO FIXO
Campo fixo de controle 230923b bl.||||| |||| 00| 0 por d
020 ## - ISBN - INTERNATIONAL STANDARD BOOK NUMBER
ISBN 85-7300-166-6
040 ## - FONTE DA CATALOGAÇÃO
Agência catalogadora BR-BrBNA
Idioma da catalogação por
041 ## - CÓDIGO DO IDIOMA
Código do Idioma por
072 ## - CATEGORIA AGRIS
Código da categoria de assunto/objeto <a href="D50 ; T01 ; P01">D50 ; T01 ; P01</a>
090 ## - NÚMERO DE CHAMADA
Localização na estante D50
Código BR BR2023001087
100 ## - ENTRADA PRINCIPAL - NOME PESSOAL
Nome pessoal Campos Filho, Gilberto de Jesus
110 1# - ENTRADA PRINCIPAL - ENTIDADE
9 (RLIN) 5914
Nome da entidade ou lugar Instituto Brasileiro do Meio Ambiente e dos Recursos Naturais Renováveis, Brasília, DF (Brasil)
245 ## - TÍTULO PRINCIPAL
Título principal Cartilha lei dos crimes ambientais
260 ## - IMPRENTA (PUBLICAÇÃO, DISTRIBUIÇÃO, ETC.)
Lugar de publicação, distribuição, etc. Brasília, DF (Brasil)
Data de publicação, distribuição, etc 2004
300 ## - DESCRIÇÃO FÍSICA
Extensão 24 p.
Detalhes físicos adicionais il. color.
Dimensões 21 x 26 cm
500 ## - NOTA GERAL
Notas gerais 18 illus.
650 ## - ASSUNTO - THESAGRO
Cabeçalho tópico ou nome geográfico MEIO AMBIENTE
650 ## - ASSUNTO - THESAGRO
Cabeçalho tópico ou nome geográfico POLUIÇÃO
650 ## - ASSUNTO - THESAGRO
Cabeçalho tópico ou nome geográfico PRESERVAÇÃO DA NATUREZA
650 ## - ASSUNTO - THESAGRO
Cabeçalho tópico ou nome geográfico LEGISLAÇÃO
909 ## - IDENTIFICAÇÃO DO CATALOGADOR
Ano e mês da catalogação (aaaamm) 202309
Identificação do catalogador Fernando
942 ## - TIPO ESPECÍFICO
Tipo de material Livros
952 ## - LOCATION AND ITEM INFORMATION (KOHA)
-- 2023-09-23
Exemplares
Status de empréstimo Fonte de classificação Status de danificação Não pode ser emprestado Código da coleção Localização permanente Localização atual Localização na estante Total Checkouts Número de chamada Código de barras Tipo de material
  Classificação AGRIS     Agrobase Biblioteca Nacional de Agricultura - Binagri Biblioteca Nacional de Agricultura - Binagri Agrobase - Acervo Geral   D50 BR2023001087 2023-436401 Livros

BINAGRI

Telefone: (61)3218-2567/2388/3357/2097 - binagri@agro.gov.br

Ministério da Agricultura e Pecuária , Esplanada dos Ministérios, Bloco D, Anexo B, Brasília/DF, CEP: 70.043-900